000 00388nam a22001457a 4500
999 _c15638
_d15638
003 OSt
008 190522b ||||| |||| 00| 0 eng d
020 _a8178841398
082 _a005.133
_bAGA/CO
100 _aAgarwal, Ajay.
_94123
245 _aA Complete Reference Guide Data Structures Through C
260 _aNew Delhi
_bCyber Tech publications
_c2008
300 _a631 p.
942 _cBK